000 00340nam a2200157Ia 4500
003 OSt
005 20240104110721.0
008 170524s9999 xx 000 0 und d
020 _a9780070669277
040 _cIIMTU
100 _aRao- P. Ramakrishna
245 0 _aSignals and Systems
260 _bTMH
260 _c2011
942 _2ddc
_c02
999 _c5959
_d5959